Farmhouse #3 /

A Digital First. Sam and Naomi have it out at a cheap hotel She tells him he'll never change his ways and he storms out. Back at Farmhouse Sam and Jerome have a bonding moment. Jerome warms him about Helen and Sam seems to know his boundaries, but later, when the two are alone in the courtyard...

Full description

Bibliographic Details
Corporate Author: Library Pass, LLC
Other Authors: Musgrave, Elizabeth J. (writer.)
Format: eBook
Language:English
Published: [United States] : Asylum Press, 2012.
Subjects:
Online Access:Connect to this electronic book (First time users create your free account)

MARC

Tag First Indicator Second Indicator Subfields
LEADER 00000nmm a22000001a 4500
001 in00004627739
006 m|||||o||m||||||||
007 cr|cn |||uuuuu
008 221118s2012 xxu||||eo|||| ||||||eng d
005 20221207221833.7
035 |a (TxWaIVM)IV13759AsFa 
040 |a TxWaIVM  |c TxWaIVM 
245 0 0 |a Farmhouse #3 /  |c powered by Library Pass. 
260 3 |a [United States] :  |b Asylum Press,  |c 2012. 
300 |a 1 online resource. 
336 |a text  |b txt  |2 rdacontent 
337 |a computer  |b c  |2 rdamedia 
338 |a online resource  |b cr  |2 rdacarrier 
520 |a A Digital First. Sam and Naomi have it out at a cheap hotel She tells him he'll never change his ways and he storms out. Back at Farmhouse Sam and Jerome have a bonding moment. Jerome warms him about Helen and Sam seems to know his boundaries, but later, when the two are alone in the courtyard Helen turns on the charm. Sam has a rough time in a bar when some of his old ways come back and bit him. 
521 |a 3 
538 |a Requires a valid library card and registration for new users. 
538 |a Mode of access: World Wide Web. 
538 |a System requirements: Flash 10.1 or higher, Windows XP and higher, Internet Explorer 7 and higher, Firefox 3.6 and higher, Google Chrome; Max OS 10.5 and higher, Safari 4 and higher. 
650 0 |a Comic books, strips, etc. 
655 7 |a Electronic books.  |2 local 
655 7 |a Comic books, strips, etc.  |2 gsafd 
650 0 |a Horror comic books, strips, etc. 
655 7 |a Horror comic books, strips, etc.  |2 gsafd 
650 0 |a Romance comic books, strips, etc. 
655 7 |a Romance comic books, strips, etc.  |2 gsafd 
700 1 |a Musgrave, Elizabeth J..  |e writer. 
700 1 |a Kudranski, Symon.  |e artist. 
710 2 |a Library Pass, LLC. 
856 4 0 |u http://proxy.library.tamu.edu/login?url=https://tamu.librarypass.com/product/com.iversecomics.asylum.press.farmhouse.three.10152012  |z Connect to this electronic book (First time users create your free account)  |t 0 
955 |a Comics Plus. 
999 f f |s 4a0c32e8-6c93-4ae0-adc5-4b31a220bc33  |i 74471985-8fd4-42c4-8d28-3b6b3c7e837d  |t 0 
952 f f |a Texas A&M University  |b College Station  |c Electronic Resources  |d Available Online  |t 0  |h Library of Congress classification 
998 f f |t 0  |l Available Online